LEADER 01865nam a2200361 a 4500 001 000000132736 003 CaOOAMICUS 005 20130208115853.0 008 130208s2006 it u000 u ita r 040 $aPUL$bita 082 04$a241 245 00$aLegge naturale e omossessualità :$btavola rotonda 28 marzo 2006 /$c(T. Kennedy ... [et al.]) ; a cura di Terence Kennedy, Andrzej S. Wodka. 246 34$aLegge naturale e teologia morale :$bun problema attuale: l'omosessualità 260 $aRoma :$bEditiones Academiae Alphonsianae,$c2006. 300 $a87 p. ;$c21 cm 500 $aIn testa al front.: Accademia Alfonsiana. 504 $aBibliografia in nota. 650 4$aTeologia e diritto.$0(OLS)http://pul/subject/16865 650 4$aOmosessualità.$0(OLS)http://pul/subject/16263 700 1 $aKennedy, Terence.$0(OLS)http://pul/name/16936 700 1 $aWodka, Andrzej,$csac.,$d1959-$0(OLS)http://pul/name/69992 710 2 $aAccademia Alfonsiana. Istituto superiore di Teologia morale.$kTesi.$0(OLS)http://pul/name/81838 850 $aPUL 852 $aPUL$W1$xDP2 Religione 3$y114$m241 KENTE 1$j152680$qDDC 21$B152099$CPULBib$Z2$F152099 $H103715 $82 910 $aPontificia Università Lateranense. $bAccademia Alfonsiana$981838 910 $aIstituto superiore di Teologia morale. Accademia Alfonsiana$981838 910 $aAcademia Alfonsiana. Institutum superius theologiae moralis$981838 941 1 $a9 996 $6082$a241$9(OLS)http://pul/classification/246 996 $6245$aLegge naturale e omossessualità :$btavola rotonda 28 marzo 2006$9(OLS)http://pul/title/167712 996 $6246$aLegge naturale e teologia morale :$bun problema attuale: l'omosessualità$9(OLS)http://pul/title/167713 996 $6260$aRoma :$bEditiones Academiae Alphonsianae$9(OLS)http://pul/publisher/56101 LEADER 01255nam a2200313 u 4500 001 000000082059 003 CaOOAMICUS 005 20070226123825.0 008 050406s1999 it u000 u ita u 020 $a8835947049 035 $a11038018 040 $aPUL$bita 041 1 $aita$hfre 100 1 $aMerleau-Ponty, Maurice,$d1908-1961.$0(OLS)http://pul/name/11688 240 10$aEloge de la philosophie.$lItaliano.$0(OLS)http://pul/title/107273 245 10$aElogio della filosofia /$cMaurice Merleau-Ponty ; a cura di Carlo Sini. 250 $a3. ed. 260 $aRoma :$bEditori Riuniti,$c1999. 300 $a77 p. ;$c20 cm 490 1 $aLe idee ;$v40 650 4$aTrascendenza e immanenza (filosofia).$0(OLS)http://pul/subject/12582 700 1 $aSini, Carlo,$d1933-$0(OLS)http://pul/name/35208 830 3$aLe idee ;$v40.$0(OLS)http://pul/title/50084 850 $aPUL 852 $aPUL$W1$xSL Filosofia 3$y81$m194 MERMA 2$j104615$nBK-PRI$qDDC 21$q $B104615$CPULBib$Z2$F104615 $H97716 $81 941 1 $a9 996 $6020$a8835947049$9(OLS)http://pul/number/108731 996 $6245$aElogio della filosofia$9(OLS)http://pul/title/107274 996 $6260$aRoma :$bEditori Riuniti$9(OLS)http://pul/publisher/54152